|
|
|
|
| LEADER |
00000nam0a2200000 4500 |
| 001 |
197516 |
| 005 |
20231101224747.0 |
| 010 |
|
|
|a 9785947749366
|
| 035 |
|
|
|a (RuTPU)RU\TPU\book\215449
|
| 090 |
|
|
|a 197516
|
| 100 |
|
|
|a 20110614d2012 m y0rusy50 ca
|
| 101 |
1 |
|
|a rus
|c eng
|
| 102 |
|
|
|a RU
|
| 105 |
|
|
|a a j 001zy
|
| 200 |
1 |
|
|a Систематическая номенклатура органических соединений
|e пер. с англ.
|f Д. Хельвинкель
|
| 210 |
|
|
|a Москва
|c Бином. Лаборатория знаний
|d 2012
|
| 215 |
|
|
|a 232 с.
|c ил.
|
| 225 |
1 |
|
|a Химия
|
| 320 |
|
|
|a Библиогр.: с. 227-228.
|
| 330 |
|
|
|a В учебном издании, написанном автором из Германии, в краткой форме изложены правила номенклатуры органических соединений согласно рекомендациям ИЮПАК. Подробно рассмотрены важнейшие классы соединении (с примерами), а также составление названий тех соединении, для которых это может вызвать затруднения. Для студентов вузов.
|
| 606 |
1 |
|
|a Органические соединения
|x Номенклатура
|2 stltpush
|3 (RuTPU)RU\TPU\subj\75802
|9 87398
|
| 610 |
1 |
|
|a систематическая номенклатура
|
| 610 |
1 |
|
|a ациклические углеводородные системы
|
| 610 |
1 |
|
|a циклические системы
|
| 610 |
1 |
|
|a циклофаны
|
| 610 |
1 |
|
|a системы с заместителями
|
| 610 |
1 |
|
|a элементоорганические соединения
|
| 610 |
1 |
|
|a металлорганические соединения
|
| 610 |
1 |
|
|a углеводы
|
| 610 |
1 |
|
|a сложные соединения
|
| 610 |
1 |
|
|a учебные пособия
|
| 675 |
|
|
|a 547.1(07)
|v 3
|
| 700 |
|
1 |
|a Хельвинкель
|b Д.
|g Дитер
|
| 801 |
|
1 |
|a RU
|b 63413507
|c 20110614
|
| 801 |
|
2 |
|a RU
|b 63413507
|c 20161209
|g RCR
|
| 942 |
|
|
|c BK
|
| 959 |
|
|
|a 60/20110607
|d 2
|e 0,00
|f ЧЗТЛ:1
|f АНЛ:1
|
| 959 |
|
|
|a 101/20111228
|d 2
|e 300,00
|f ЧЗТЛ:1
|f АНЛ:1
|